00433nam a2200157Ia 4500008004100000040001200041082001400053100002500067245002700092250001200119260004100131300001400172942000700186999001500193952006700208200103s9999||||xx |||||||||||||| ||und|| aIMU-MPC aColumn-29 aChapman, Lawrence B. 4aThe Marine Power Plant a2nd ed. bMcGraw-Hill Book Company, Inc.c1942 axiii, 401 cBK c7322d7322 0010407098350cColumn-29d2020-01-08pMPC38r2024-04-12yBK